Thistle and rose : a study of Hugh MacDiarmid's poetry /

Bibliographic Details
Main Author: Boutelle, Annie, 1943-
Format: Book
Language:English
Published: Lewisburg [Pa.] : Bucknell University Press, 1981
Edition:1st American ed.
Subjects:

MARC

Tag First Indicator Second Indicator Subfields
LEADER 00000cam a2200000 a 4500
001 in00000069643
005 20151008054524.0
008 811130c19811980pau b 00110 eng
010 |a  80069657  
020 |a 0838750230 
035 |a (OCoLC)07742944 
035 |9 AAJ0911AM 
040 |a DLC  |c DLC  |d TXA  |d UtOrBLW 
049 |a TXAM  |c [1442111] 
050 0 0 |a PR6013.R735  |b Z587 1981 
082 0 |a 821/.912  |2 19 
100 1 |a Boutelle, Annie,  |d 1943- 
245 1 0 |a Thistle and rose :  |b a study of Hugh MacDiarmid's poetry /  |c Ann Edwards Boutelle. 
250 |a 1st American ed. 
264 1 |a Lewisburg [Pa.] :  |b Bucknell University Press,  |c 1981 
264 4 |c ©1980 
300 |a 258 pages ;  |c 22 cm. 
336 |a text  |b txt  |2 rdacontent 
337 |a unmediated  |b n  |2 rdamedia 
338 |a volume  |b nc  |2 rdacarrier 
500 |a Includes indexes. 
504 |a Bibliography: pages 246-252. 
600 1 0 |a MacDiarmid, Hugh,  |d 1892-1978  |x Criticism and interpretation. 
999 |a MARS 
999 f f |s a8482af8-11a4-3e6c-a3c5-f3a55907e32f  |i b3679fc1-7bd2-33b1-8c03-f876f6ad2898  |t 0 
952 f f |p normal  |a Texas A&M University  |b College Station  |c Sterling C. Evans Library  |d Evans: Library Stacks  |t 0  |e PR6013.R735 Z587 1981  |h Library of Congress classification  |i unmediated -- volume  |m A14806186526 
998 f f |a PR6013.R735 Z587 1981  |t 0  |l Evans: Library Stacks